The Simpsons-Character Quiz Level 12 - Statistics

General Stats
  • This quiz has been taken 10 times
  • The average score is 4 of 16
Answer Stats
Picture Answer % Correct
Jacques
100%
Princess Kashmir
67%
Karl
50%
The Leader
50%
Dr. Colossus
33%
Hugh Jass
33%
Beatrice Simmons
17%
Dia-Betty
17%
Brendan Beiderbecke
0%
Brittany Brockman
0%
Dubya Spuckler
0%
Howard K. Duff VIII
0%
Jamshed Nahasapeemapetilon
0%
Mrs. Frink
0%
Norbert Van Houten
0%
Stacey Lovell
0%
No matching quizzes found
Score Distribution
Percent of People with Each Score
Percentile by Number Answered
Your Score History
You have not taken this quiz